The private car /
Guardado en:
| Autor Corporativo: | |
|---|---|
| Formato: | Libro |
| Idioma: | English |
| Publicado: |
London,
s.f.
|
| Etiquetas: |
Agregar Etiqueta
Sin Etiquetas, Sea el primero en etiquetar este registro!
|
| LEADER | 00458nam a22001455a 4500 | ||
|---|---|---|---|
| 001 | EUN.um039613 | ||
| 003 | AR-BaUNS | ||
| 005 | 20050623122911.0 | ||
| 008 | 041125ss.f.####xxka##########000#0#eng#d | ||
| 245 | 1 | 4 | |a The private car / |c Institution of mechanical engineers. |
| 260 | |a London, |c s.f. | ||
| 300 | |a 186 p. : |b ilus. ; |c 27 cm. | ||
| 082 | 0 | 4 | |a 629.24 |
| 110 | 2 | |a Institution of mechanical engineers |c London. | |
| 859 | |a Ar-BaUNS |b BIB. CENTRAL - Sector C |h 629.24 |i In7-1 |p 70976/974 | ||
